| 000 | 00792nam a2200217 a 4500 | ||
|---|---|---|---|
| 001 | 000840124 | ||
| 003 | AM-YeHGA | ||
| 005 | 20250617144832.0 | ||
| 008 | 111020s1977 ru r 000 0brus d | ||
| 040 | _aAM-YeHGA | ||
| 041 | 0 | _arus | |
| 100 | 1 |
_aНечкина, Милица Васильевна _d1901-1985 |
|
| 245 | 1 | 0 |
_aГрибоедов и декабристы / _cМ.В. Нечкина. |
| 250 | _a3-е | ||
| 260 |
_aМосква : _bХудожественная литература, _c1977. |
||
| 300 | _a735 с. | ||
| 600 | 1 | 4 |
_aГрибоедов, Александр Сергеевич _d1795-1829 |
| 600 | 1 | 4 | _aДекабристы |
| 650 | 1 | 4 |
_aРусская литература _y19 в. _xЛитературная критика _xМонографии |
| 090 | _c303184 | ||
| 999 |
_c301485 _d301485 |
||